[Event "4. Torneio São José do Rio Preto"]
[Site "São José do Rio Preto BRA"]
[Date "2005.02.14"]
[Round "1.1"]
[White "Oliveira, Silvio"]
[Black "Disconzi da Silva, Rodrigo"]
[Result "1-0"]
[WhiteElo "2242"]
[BlackElo "2386"]
[PlyCount "106"]
[EventDate "2005.02.14"]
[EventType "tourn"]
[EventRounds "9"]
[EventCountry "BRA"]
[EventCategory "3"]
[Source "lmi"]
[SourceDate "2005.02.20"]

1. e4 c5 2. Nf3 e6 3. d4 cxd4 4. Nxd4 a6 5. Bd3 Nf6 6. Nc3 Qc7 7. O-O Bc5 8.
Nb3 Be7 9. Be3 d6 10. a4 b6 11. f4 Nbd7 12. Qe2 Bb7 13. Rae1 O-O 14. g4 Nc5 15.
Nxc5 bxc5 16. g5 c4 17. gxf6 cxd3 18. cxd3 Bxf6 19. Qf2 Rac8 20. Bb6 Qe7 21.
Rc1 Kh8 22. Qe2 g6 23. d4 Bg7 24. Rce1 Rfe8 25. Qd3 Kg8 26. a5 Qd7 27. d5 exd5
28. exd5 Qg4+ 29. Qg3 Qf5 30. Rxe8+ Rxe8 31. Re1 Rxe1+ 32. Qxe1 h5 33. Qe4 Qg4+
34. Kf1 Kh7 35. Bd4 Bh6 36. Ne2 Qh3+ 37. Kg1 Bg7 38. Bxg7 Kxg7 39. Nc3 Qg4+ 40.
Kf2 Bc8 41. Qb4 Qh4+ 42. Ke3 Qe1+ 43. Kd3 Qa1 44. Kc2 Qg1 45. Kb3 Qxh2 46. Qxd6
h4 47. Qe5+ Kh7 48. Ne4 Qh3+ 49. Ka2 Qf5 50. Nf6+ Kg7 51. Nh5+ Kg8 52. Nf6+ Kg7
53. Nh5+ Kf8 1-0

[Event "4. Torneio São José do Rio Preto"]
[Site "São José do Rio Preto BRA"]
[Date "2005.02.14"]
[Round "1.2"]
[White "Valiente, Cristobal"]
[Black "Cubas, Jose Fernando"]
[Result "0-1"]
[WhiteElo "2321"]
[BlackElo "2401"]
[PlyCount "77"]
[EventDate "2005.02.14"]
[EventType "tourn"]
[EventRounds "9"]
[EventCountry "BRA"]
[EventCategory "3"]
[Source "lmi"]
[SourceDate "2005.02.20"]

1. Nf3 d5 2. b3 Nf6 3. Bb2 Bf5 4. e3 e6 5. Be2 h6 6. O-O Be7 7. Nd4 Bh7 8. f4
O-O 9. d3 c5 10. Nf3 Nc6 11. Ne5 Nxe5 12. fxe5 Nd7 13. c4 Bg5 14. Rf3 f6 15.
exf6 Nxf6 16. Nc3 d4 17. exd4 cxd4 18. Nb5 Be3+ 19. Kh1 a6 20. Na3 e5 21. Nc2
Bg5 22. Qg1 e4 23. dxe4 Bxe4 24. Nxd4 Bxf3 25. Bxf3 Qd7 26. Rd1 Ng4 27. h3 Ne3
28. Re1 Rae8 29. Bh5 Re4 30. Nf3 Nf5 31. Bg4 Ng3+ 32. Kh2 Qc7 33. Rxe4 Nxe4+
34. g3 Bf6 35. Ba3 Re8 36. h4 Qa5 37. Qc1 Nc3 38. Bd6 Qxa2+ 39. Kh3 0-1

[Event "4. Torneio São José do Rio Preto"]
[Site "São José do Rio Preto BRA"]
[Date "2005.02.16"]
[Round "1.3"]
[White "Melo, Vanderlei Cason"]
[Black "Bachmann Schiavo, Axel"]
[Result "0-1"]
[WhiteElo "2159"]
[BlackElo "2314"]
[PlyCount "40"]
[EventDate "2005.02.14"]
[EventType "tourn"]
[EventRounds "9"]
[EventCountry "BRA"]
[EventCategory "3"]
[Source "lmi"]
[SourceDate "2005.02.20"]

1. c4 g6 2. Nc3 Bg7 3. Nf3 d6 4. g3 c5 5. Bg2 Nc6 6. O-O e5 7. d3 Nge7 8. e4
O-O 9. h3 a6 10. Be3 Rb8 11. a4 f5 12. exf5 gxf5 13. Bg5 h6 14. Bh4 Be6 15. Rc1
Qd7 16. Kh2 Ng6 17. Rg1 Rbe8 18. Nd2 Nb4 19. Qe2 Qf7 20. Nb3 e4 0-1

[Event "4. Torneio São José do Rio Preto"]
[Site "São José do Rio Preto BRA"]
[Date "2005.02.14"]
[Round "1.4"]
[White "Frare, Fernando"]
[Black "Crosa, Martin"]
[Result "1/2-1/2"]
[WhiteElo "2247"]
[BlackElo "2401"]
[PlyCount "157"]
[EventDate "2005.02.14"]
[EventType "tourn"]
[EventRounds "9"]
[EventCountry "BRA"]
[EventCategory "3"]
[Source "lmi"]
[SourceDate "2005.02.20"]

1. d4 Nf6 2. Nf3 e6 3. c4 Nc6 4. Nc3 Bb4 5. Bd2 O-O 6. Qc2 Re8 7. a3 Bxc3 8.
Bxc3 d5 9. e3 b6 10. b4 Bb7 11. c5 Ne7 12. Bb5 Nd7 13. Bd3 Nf8 14. O-O f6 15.
cxb6 cxb6 16. b5 Rc8 17. Rfc1 e5 18. Bf1 Neg6 19. Qb2 e4 20. Nd2 f5 21. Bb4 Ne6
22. Rxc8 Qxc8 23. Rc1 Qd8 24. f4 exf3 25. Nxf3 Nh4 26. Qf2 Nxf3+ 27. Qxf3 Qg5
28. Rc3 Rd8 29. h4 Qf6 30. g3 Rd7 31. Bg2 Rf7 32. Qf2 Qd8 33. a4 h6 34. Rc1 Qd7
35. Qa2 Qd8 36. Qe2 Qb8 37. Qf3 g5 38. hxg5 hxg5 39. Be1 Qf8 40. Qh5 Kg7 41.
Ra1 Rf6 42. a5 g4 43. axb6 Rh6 44. Qxh6+ Kxh6 45. bxa7 Ng5 46. b6 Qd8 47. Rb1
Kg6 48. Kf2 Ne6 49. Rb5 Qd7 50. Ra5 Qd8 51. Rxd5 Bxd5 52. b7 Bxg2 53. b8=Q Qd5
54. Ke2 Qa2+ 55. Bd2 Bf3+ 56. Kd3 Qa6+ 57. Kc3 Qc6+ 58. Kb4 Bd5 59. Qb5 Qd6+
60. Ka5 Bc6 61. Qb4 Qd5+ 62. Kb6 Qd7 63. Ka6 Nd8 64. Qb8 Bb7+ 65. Ka5 Qd5+ 66.
Kb4 Nc6+ 67. Ka3 Nd8 68. Bb4 Nf7 69. Qg8+ Kf6 70. Qf8 Qd8 71. Qc5 Ke6 72. Kb2
Qd7 73. Qf8 Nd8 74. Qg8+ Kf6 75. Qf8+ Kg6 76. Qg8+ Kf6 77. Qf8+ Kg6 78. Qg8+
Kf6 79. Qf8+ 1/2-1/2

[Event "4. Torneio São José do Rio Preto"]
[Site "São José do Rio Preto BRA"]
[Date "2005.02.14"]
[Round "1.5"]
[White "Borges, Leomar"]
[Black "Giaccio, Alfredo"]
[Result "1/2-1/2"]
[WhiteElo "2289"]
[BlackElo "2467"]
[PlyCount "34"]
[EventDate "2005.02.14"]
[EventType "tourn"]
[EventRounds "9"]
[EventCountry "BRA"]
[EventCategory "3"]
[Source "lmi"]
[SourceDate "2005.02.20"]

1. Nf3 d5 2. b3 Nf6 3. Bb2 Bf5 4. g3 e6 5. Bg2 h6 6. d3 Be7 7. Nbd2 O-O 8. O-O
c5 9. h3 Nc6 10. Ne5 Nxe5 11. Bxe5 Nd7 12. Bb2 Bf6 13. Bxf6 Nxf6 14. e4 Bh7 15.
e5 Nd7 16. Qe2 Qa5 17. f4 Qc3 1/2-1/2

[Event "4. Torneio São José do Rio Preto"]
[Site "São José do Rio Preto BRA"]
[Date "2005.02.15"]
[Round "2.1"]
[White "Disconzi da Silva, Rodrigo"]
[Black "Giaccio, Alfredo"]
[Result "1/2-1/2"]
[WhiteElo "2386"]
[BlackElo "2467"]
[PlyCount "28"]
[EventDate "2005.02.14"]
[EventType "tourn"]
[EventRounds "9"]
[EventCountry "BRA"]
[EventCategory "3"]
[Source "lmi"]
[SourceDate "2005.02.20"]

1. Nf3 c5 2. e4 Nc6 3. d4 cxd4 4. Nxd4 g6 5. c4 Bg7 6. Nc2 Nf6 7. Nc3 O-O 8.
Be2 d6 9. O-O a6 10. Be3 Bd7 11. f3 Rb8 12. Qd2 Qa5 13. a3 Rfc8 14. Rfc1 Ne5
1/2-1/2

[Event "4. Torneio São José do Rio Preto"]
[Site "São José do Rio Preto BRA"]
[Date "2005.02.15"]
[Round "2.2"]
[White "Crosa, Martin"]
[Black "Borges, Leomar"]
[Result "1/2-1/2"]
[WhiteElo "2401"]
[BlackElo "2289"]
[PlyCount "29"]
[EventDate "2005.02.14"]
[EventType "tourn"]
[EventRounds "9"]
[EventCountry "BRA"]
[EventCategory "3"]
[Source "lmi"]
[SourceDate "2005.02.20"]

1. e4 Nf6 2. e5 Nd5 3. d4 d6 4. Nf3 Bg4 5. Be2 e6 6. c4 Nb6 7. exd6 cxd6 8. Nc3
Be7 9. h3 Bh5 10. d5 e5 11. Be3 N8d7 12. b3 O-O 13. g4 Bg6 14. h4 h5 15. g5
1/2-1/2

[Event "4. Torneio São José do Rio Preto"]
[Site "São José do Rio Preto BRA"]
[Date "2005.02.15"]
[Round "2.3"]
[White "Bachmann Schiavo, Axel"]
[Black "Frare, Fernando"]
[Result "1-0"]
[WhiteElo "2314"]
[BlackElo "2247"]
[PlyCount "59"]
[EventDate "2005.02.14"]
[EventType "tourn"]
[EventRounds "9"]
[EventCountry "BRA"]
[EventCategory "3"]
[Source "lmi"]
[SourceDate "2005.02.20"]

1. e4 c5 2. Nc3 d6 3. Nf3 a6 4. d4 cxd4 5. Nxd4 Nf6 6. g3 Nc6 7. Bg2 Qc7 8. O-O
e6 9. Nb3 Be7 10. f4 O-O 11. g4 Re8 12. g5 Nd7 13. a4 Rb8 14. Be3 b6 15. Qe2
Bb7 16. Rad1 Bf8 17. h4 Nc5 18. Nxc5 bxc5 19. h5 Nb4 20. f5 exf5 21. Rxf5 g6
22. Rf6 Rbd8 23. Qf2 Bg7 24. h6 Bh8 25. Rf1 Rf8 26. e5 Bxg2 27. Kxg2 Qb7+ 28.
Kg1 Nd5 29. Nxd5 Qxd5 30. e6 1-0

[Event "4. Torneio São José do Rio Preto"]
[Site "São José do Rio Preto BRA"]
[Date "2005.02.15"]
[Round "2.4"]
[White "Cubas, Jose Fernando"]
[Black "Melo, Vanderlei Cason"]
[Result "1/2-1/2"]
[WhiteElo "2401"]
[BlackElo "2159"]
[PlyCount "74"]
[EventDate "2005.02.14"]
[EventType "tourn"]
[EventRounds "9"]
[EventCountry "BRA"]
[EventCategory "3"]
[Source "lmi"]
[SourceDate "2005.02.20"]

1. e4 c6 2. d4 d5 3. e5 Bf5 4. Be3 e6 5. Nd2 Nd7 6. Ne2 f6 7. f4 Bg4 8. h3 Bf5
9. g4 Bg6 10. Ng3 fxe5 11. fxe5 Be7 12. Nf3 Qc7 13. h4 O-O-O 14. h5 Be4 15.
Nxe4 dxe4 16. Ng5 Nxe5 17. Nxe6 Qd7 18. Bh3 Nf3+ 19. Ke2 g5 20. Nxd8 Bxd8 21.
Bg2 Nf6 22. Qf1 Nxd4+ 23. Bxd4 Qxd4 24. Qf5+ Kb8 25. Rhd1 Qxb2 26. Kf1 Bb6 27.
Bxe4 Nxe4 28. Qxe4 Rf8+ 29. Kg2 h6 30. Rf1 Rd8 31. Rad1 Rxd1 32. Rxd1 a6 33. a4
Ka7 34. Qd3 Qb4 35. c4 Qxa4 36. Kf3 Qb4 37. Rb1 Qf8+ 1/2-1/2

[Event "4. Torneio São José do Rio Preto"]
[Site "São José do Rio Preto BRA"]
[Date "2005.02.15"]
[Round "2.5"]
[White "Oliveira, Silvio"]
[Black "Valiente, Cristobal"]
[Result "1/2-1/2"]
[WhiteElo "2242"]
[BlackElo "2321"]
[PlyCount "49"]
[EventDate "2005.02.14"]
[EventType "tourn"]
[EventRounds "9"]
[EventCountry "BRA"]
[EventCategory "3"]
[Source "lmi"]
[SourceDate "2005.02.20"]

1. e4 e6 2. d4 d5 3. Nc3 dxe4 4. Nxe4 Nd7 5. Nf3 Be7 6. Bd3 Ngf6 7. Nxf6+ Bxf6
8. O-O O-O 9. c3 Re8 10. Bf4 Nf8 11. Qc2 Bd7 12. Ne5 Ng6 13. Be3 Nxe5 14. dxe5
Bxe5 15. Bxh7+ Kf8 16. Be4 Bc8 17. Rad1 Qe7 18. Qe2 f5 19. Qh5 Qf7 20. Qxf7+
Kxf7 21. Bf3 a5 22. Rfe1 Bd6 23. g3 Rb8 24. Ba7 Ra8 25. Be3 1/2-1/2

[Event "4. Torneio São José do Rio Preto"]
[Site "São José do Rio Preto BRA"]
[Date "2005.02.16"]
[Round "3.2"]
[White "Melo, Vanderlei Cason"]
[Black "Oliveira, Silvio"]
[Result "0-1"]
[WhiteElo "2159"]
[BlackElo "2242"]
[PlyCount "60"]
[EventDate "2005.02.14"]
[EventType "tourn"]
[EventRounds "9"]
[EventCountry "BRA"]
[EventCategory "3"]
[Source "lmi"]
[SourceDate "2005.02.20"]

1. c4 e5 2. Nc3 Nf6 3. Nf3 Nc6 4. e3 Be7 5. Nd5 d6 6. Qc2 Be6 7. Nxe7 Qxe7 8.
a3 O-O 9. b4 a6 10. Bb2 Bg4 11. Be2 e4 12. Ng1 Ne5 13. f3 Bf5 14. f4 Ned7 15.
h3 h5 16. g3 c5 17. Qc3 Qe6 18. Kf2 Rac8 19. bxc5 Nxc5 20. a4 Nd3+ 21. Bxd3
exd3 22. Kg2 Rxc4 23. Qa5 Rc5 24. Qb4 a5 25. Qa3 Nd5 26. Nf3 Nxe3+ 27. Kh2 Qe4
28. Rhe1 Qxf3 29. Rxe3 Qf2+ 30. Kh1 Bd7 0-1

[Event "4. Torneio São José do Rio Preto"]
[Site "São José do Rio Preto BRA"]
[Date "2005.02.16"]
[Round "3.3"]
[White "Frare, Fernando"]
[Black "Cubas, Jose Fernando"]
[Result "1/2-1/2"]
[WhiteElo "2247"]
[BlackElo "2401"]
[PlyCount "100"]
[EventDate "2005.02.14"]
[EventType "tourn"]
[EventRounds "9"]
[EventCountry "BRA"]
[EventCategory "3"]
[Source "lmi"]
[SourceDate "2005.02.20"]

1. d4 d5 2. c4 c6 3. Nc3 Nf6 4. cxd5 cxd5 5. Nf3 Nc6 6. Bf4 g6 7. e3 a6 8. Rc1
Bg7 9. Bd3 O-O 10. h3 Bd7 11. O-O Rc8 12. Ne5 Be8 13. Nxc6 Bxc6 14. Be5 Qd7 15.
a3 Ne8 16. Bxg7 Kxg7 17. Qe2 Nd6 18. Rfd1 Ba4 19. Nxa4 Qxa4 20. Rc5 e6 21. Rdc1
Rfd8 22. Qc2 Qxc2 23. R1xc2 Kf8 24. Kf1 Ke7 25. Ke1 Kd7 26. Kd2 b5 27. b3 Nb7
28. Rxc8 Rxc8 29. Rxc8 Kxc8 30. a4 Nd6 31. axb5 a5 32. Kc3 Kc7 33. f3 Kb6 34.
g4 h6 35. h4 g5 36. hxg5 hxg5 37. Kb2 f5 38. b4 fxg4 39. bxa5+ Kxa5 40. fxg4
Ne8 41. Bg6 Nf6 42. Bf7 Nxg4 43. Bxe6 Nxe3 44. Kc3 Kxb5 45. Kd3 Ng2 46. Bxd5
Nf4+ 47. Ke4 Nxd5 48. Kxd5 g4 49. Ke4 g3 50. Kf3 Kc4 1/2-1/2

[Event "4. Torneio São José do Rio Preto"]
[Site "São José do Rio Preto BRA"]
[Date "2005.02.16"]
[Round "3.4"]
[White "Borges, Leomar"]
[Black "Bachmann Schiavo, Axel"]
[Result "1/2-1/2"]
[WhiteElo "2289"]
[BlackElo "2314"]
[PlyCount "31"]
[EventDate "2005.02.14"]
[EventType "tourn"]
[EventRounds "9"]
[EventCountry "BRA"]
[EventCategory "3"]
[Source "lmi"]
[SourceDate "2005.02.20"]

1. Nf3 d5 2. b3 c6 3. Bb2 Bf5 4. g3 Nd7 5. Bg2 Ngf6 6. d3 h6 7. Nbd2 e6 8. O-O
Be7 9. h3 O-O 10. Qe1 Bh7 11. e4 a5 12. e5 Ne8 13. a4 Nc7 14. Qe2 Re8 15. Kh2
Bf8 16. Rfe1 1/2-1/2

[Event "4. Torneio São José do Rio Preto"]
[Site "São José do Rio Preto BRA"]
[Date "2005.02.16"]
[Round "3.5"]
[White "Giaccio, Alfredo"]
[Black "Crosa, Martin"]
[Result "1/2-1/2"]
[WhiteElo "2467"]
[BlackElo "2401"]
[PlyCount "31"]
[EventDate "2005.02.14"]
[EventType "tourn"]
[EventRounds "9"]
[EventCountry "BRA"]
[EventCategory "3"]
[Source "lmi"]
[SourceDate "2005.02.20"]

1. e4 c5 2. Nc3 Nc6 3. f4 g6 4. Nf3 Bg7 5. g3 d6 6. Bg2 Nf6 7. O-O O-O 8. d3
Rb8 9. Rb1 b5 10. a3 a5 11. a4 b4 12. Nb5 c4 13. dxc4 Nxe4 14. Qe2 Nc5 15. b3
Bg4 16. Be3 1/2-1/2

[Event "4. Torneio São José do Rio Preto"]
[Site "São José do Rio Preto BRA"]
[Date "2005.02.16"]
[Round "4.1"]
[White "Disconzi da Silva, Rodrigo"]
[Black "Crosa, Martin"]
[Result "0-1"]
[WhiteElo "2386"]
[BlackElo "2401"]
[PlyCount "96"]
[EventDate "2005.02.14"]
[EventType "tourn"]
[EventRounds "9"]
[EventCountry "BRA"]
[EventCategory "3"]
[Source "lmi"]
[SourceDate "2005.02.20"]

1. d4 Nf6 2. c4 g6 3. Nc3 Bg7 4. e4 d6 5. Nf3 O-O 6. h3 c5 7. d5 e6 8. Bd3 exd5
9. cxd5 Re8 10. O-O c4 11. Bc2 Qa5 12. Bf4 b5 13. a3 Qb6 14. Be3 Qb7 15. Bd4
Nbd7 16. Re1 Ne5 17. Nh2 Bh6 18. Be3 Bxe3 19. Rxe3 Qb6 20. Kh1 a5 21. Nf1 Ba6
22. f4 Ned7 23. Qf3 b4 24. Na4 Qb5 25. b3 bxa3 26. bxc4 Qxc4 27. Bb3 Qb4 28. e5
Bb5 29. exf6 Bxa4 30. Bxa4 Qxa4 31. Rexa3 Qd4 32. Ra4 Qxf6 33. Ne3 Qc3 34. R1a3
Qe1+ 35. Kh2 Rac8 36. Nc4 Nc5 37. Rxa5 Ne4 38. Ra1 Qb4 39. R1a4 Qe1 40. Ra1 Qb4
41. R1a4 Qb1 42. Ra1 Qc2 43. Ne3 Qd3 44. R5a3 Rc3 45. Rd1 Nd2 46. Qf2 Rxa3 47.
Ng4 Re2 48. Qh4 Nf3+ 0-1

[Event "4. Torneio São José do Rio Preto"]
[Site "São José do Rio Preto BRA"]
[Date "2005.02.16"]
[Round "4.2"]
[White "Bachmann Schiavo, Axel"]
[Black "Giaccio, Alfredo"]
[Result "0-1"]
[WhiteElo "2314"]
[BlackElo "2467"]
[PlyCount "100"]
[EventDate "2005.02.14"]
[EventType "tourn"]
[EventRounds "9"]
[EventCountry "BRA"]
[EventCategory "3"]
[Source "lmi"]
[SourceDate "2005.02.20"]

1. e4 e6 2. d4 d5 3. Nc3 Bb4 4. exd5 exd5 5. a3 Bxc3+ 6. bxc3 Ne7 7. Bd3 Bf5 8.
Ne2 O-O 9. O-O Nbc6 10. Ng3 Bxd3 11. cxd3 Qd7 12. f4 f5 13. Rb1 Rab8 14. Re1 b5
15. Rb2 a5 16. Rbe2 Ng6 17. Re6 Rb6 18. h4 Nxh4 19. Qh5 Ng6 20. Nxf5 Rxf5 21.
Qxf5 Nf8 22. Qh3 Nxe6 23. Qxe6+ Qxe6 24. Rxe6 b4 25. axb4 axb4 26. cxb4 Nxb4
27. Re3 Nc2 28. Re8+ Kf7 29. Rc8 Rb7 30. Kf2 Nxd4 31. Ba3 h5 32. Rf8+ Kg6 33.
Bc5 Rb2+ 34. Kg1 Nf5 35. Rd8 c6 36. Rc8 h4 37. Rxc6+ Kh5 38. Bf2 Rb1+ 39. Kh2
Rb3 40. d4 Rb2 41. Kg1 Kg4 42. Rc5 Ng3 43. Bxg3 Kxg3 44. Rc3+ Kxf4 45. Rc5 Ke4
46. Rc7 g5 47. Re7+ Kf4 48. Re5 g4 49. Kh2 g3+ 50. Kh3 Rb1 0-1

[Event "4. Torneio São José do Rio Preto"]
[Site "São José do Rio Preto BRA"]
[Date "2005.02.16"]
[Round "4.3"]
[White "Cubas, Jose Fernando"]
[Black "Borges, Leomar"]
[Result "1/2-1/2"]
[WhiteElo "2401"]
[BlackElo "2289"]
[PlyCount "145"]
[EventDate "2005.02.14"]
[EventType "tourn"]
[EventRounds "9"]
[EventCountry "BRA"]
[EventCategory "3"]
[Source "lmi"]
[SourceDate "2005.02.20"]

1. e4 Nf6 2. e5 Nd5 3. d4 d6 4. c4 Nb6 5. exd6 cxd6 6. Nc3 g6 7. a4 a5 8. c5
dxc5 9. Bb5+ N6d7 10. Bf4 Bg7 11. Nd5 e5 12. Bxe5 Bxe5 13. dxe5 O-O 14. Nf3 Nc6
15. O-O Ndxe5 16. Nxe5 Nxe5 17. Re1 Nc6 18. Bxc6 bxc6 19. Ne7+ Kg7 20. Qc2 Qd4
21. Rad1 Qf6 22. Qxc5 Be6 23. Nxc6 Rac8 24. Rd6 Qxb2 25. h4 Rfe8 26. Qxa5 Ra8
27. Qc5 Qf6 28. a5 Qxh4 29. Nd4 Bc4 30. Rxe8 Rxe8 31. Nf3 Qe4 32. Rd4 Qb1+ 33.
Kh2 Qb8+ 34. g3 Qb7 35. Rf4 Bd5 36. Ng5 h6 37. a6 Qa8 38. Qc3+ Kg8 39. Rh4 Qa7
40. Nh3 h5 41. Qd4 Qxd4 42. Rxd4 Ba8 43. Ng5 Kg7 44. Rd7 Kf6 45. f4 Re7 46.
Nh7+ Ke6 47. Nf8+ Kf6 48. Kg1 Re1+ 49. Kf2 Ra1 50. Ra7 Bc6 51. Nh7+ Ke6 52.
Ng5+ Kd5 53. Nxf7 Ra2+ 54. Ke1 Bb5 55. Nh8 Rxa6 56. Rxa6 Bxa6 57. Nxg6 Ke4 58.
Kf2 Kf5 59. Ne7+ Kg4 60. Nd5 Kf5 61. Ke3 Bb7 62. Nc3 Kg4 63. Ne2 h4 64. gxh4
Kxh4 65. Kd4 Kh5 66. f5 Bc8 67. f6 Kg6 68. Ke5 Kf7 69. Nc3 Ba6 70. Ne4 Bd3 71.
Nd6+ Kf8 72. Kd4 Bc2 73. Ke5 1/2-1/2

[Event "4. Torneio São José do Rio Preto"]
[Site "São José do Rio Preto BRA"]
[Date "2005.02.16"]
[Round "4.4"]
[White "Oliveira, Silvio"]
[Black "Frare, Fernando"]
[Result "0-1"]
[WhiteElo "2242"]
[BlackElo "2247"]
[PlyCount "58"]
[EventDate "2005.02.14"]
[EventType "tourn"]
[EventRounds "9"]
[EventCountry "BRA"]
[EventCategory "3"]
[Source "lmi"]
[SourceDate "2005.02.20"]

1. e4 c5 2. Nf3 d6 3. d4 cxd4 4. Nxd4 Nf6 5. Nc3 a6 6. Be3 e5 7. Nb3 Be7 8. f3
Be6 9. Qd2 O-O 10. O-O-O Qc7 11. g4 Rc8 12. g5 Nh5 13. Nd5 Bxd5 14. exd5 Nd7
15. Bh3 g6 16. Bg4 Nf4 17. Bxf4 exf4 18. h4 a5 19. Nd4 Qd8 20. h5 Bxg5 21. hxg6
hxg6 22. Qh2 Kg7 23. Ne6+ fxe6 24. Qh7+ Kf6 25. Bxe6 Ne5 26. Rdg1 Qc7 27. Bxc8
Qxh7 28. Rxh7 Rxc8 29. Rxb7 Nxf3 0-1

[Event "4. Torneio São José do Rio Preto"]
[Site "São José do Rio Preto BRA"]
[Date "2005.02.17"]
[Round "5.1"]
[White "Melo, Vanderlei Cason"]
[Black "Disconzi da Silva, Rodrigo"]
[Result "0-1"]
[WhiteElo "2159"]
[BlackElo "2386"]
[PlyCount "36"]
[EventDate "2005.02.14"]
[EventType "tourn"]
[EventRounds "9"]
[EventCountry "BRA"]
[EventCategory "3"]
[Source "lmi"]
[SourceDate "2005.02.20"]

1. c4 b6 2. Nc3 Bb7 3. d4 e6 4. a3 f5 5. Nf3 Nf6 6. g3 Ne4 7. Bg2 Be7 8. Qc2
Nxc3 9. Qxc3 O-O 10. O-O Bf6 11. Qb3 Be4 12. Rd1 Nc6 13. d5 Na5 14. Qa2 Bc2 15.
Rd2 Bb3 16. Qb1 Bxc4 17. b4 Nb3 18. dxe6 Bxe6 0-1

[Event "4. Torneio São José do Rio Preto"]
[Site "São José do Rio Preto BRA"]
[Date "2005.02.17"]
[Round "5.2"]
[White "Frare, Fernando"]
[Black "Valiente, Cristobal"]
[Result "1/2-1/2"]
[WhiteElo "2247"]
[BlackElo "2321"]
[PlyCount "27"]
[EventDate "2005.02.14"]
[EventType "tourn"]
[EventRounds "9"]
[EventCountry "BRA"]
[EventCategory "3"]
[Source "lmi"]
[SourceDate "2005.02.20"]

1. d4 Nf6 2. Nf3 e6 3. c4 b6 4. Nc3 Bb7 5. a3 d5 6. cxd5 Nxd5 7. Qc2 Be7 8. e4
Nxc3 9. bxc3 c5 10. Bd3 Nc6 11. Be3 cxd4 12. cxd4 Rc8 13. Qe2 O-O 14. O-O
1/2-1/2

[Event "4. Torneio São José do Rio Preto"]
[Site "São José do Rio Preto BRA"]
[Date "2005.02.17"]
[Round "5.3"]
[White "Borges, Leomar"]
[Black "Oliveira, Silvio"]
[Result "0-1"]
[WhiteElo "2289"]
[BlackElo "2242"]
[PlyCount "54"]
[EventDate "2005.02.14"]
[EventType "tourn"]
[EventRounds "9"]
[EventCountry "BRA"]
[EventCategory "3"]
[Source "lmi"]
[SourceDate "2005.02.20"]

1. Nf3 d5 2. b3 c6 3. Bb2 Bg4 4. e3 Nd7 5. Be2 Ngf6 6. d3 e6 7. Nbd2 Bd6 8. Nd4
Bxe2 9. Qxe2 O-O 10. O-O a6 11. e4 Qc7 12. g3 c5 13. N4f3 e5 14. exd5 Nxd5 15.
Nc4 Rae8 16. Rfe1 Nb4 17. Nh4 f5 18. a3 Nc6 19. f4 b5 20. Nxd6 Qxd6 21. Qh5 Nd4
22. Kg2 Nxc2 23. Nxf5 Nxe1+ 24. Rxe1 Qxd3 25. Nh4 Nf6 26. Qf3 Qxf3+ 27. Nxf3
exf4 0-1

[Event "4. Torneio São José do Rio Preto"]
[Site "São José do Rio Preto BRA"]
[Date "2005.02.17"]
[Round "5.4"]
[White "Giaccio, Alfredo"]
[Black "Cubas, Jose Fernando"]
[Result "1/2-1/2"]
[WhiteElo "2467"]
[BlackElo "2401"]
[PlyCount "64"]
[EventDate "2005.02.14"]
[EventType "tourn"]
[EventRounds "9"]
[EventCountry "BRA"]
[EventCategory "3"]
[Source "lmi"]
[SourceDate "2005.02.20"]

1. e4 e6 2. d4 d5 3. Nc3 Nf6 4. e5 Nfd7 5. Nce2 c5 6. c3 cxd4 7. cxd4 f6 8.
exf6 Nxf6 9. Nf3 Nc6 10. Ng3 Bd6 11. Bd3 O-O 12. O-O Bd7 13. Bd2 e5 14. dxe5
Nxe5 15. Nxe5 Bxe5 16. Qb3 Qb6 17. Bb4 Rfe8 18. Rac1 Kh8 19. Bc3 Qxb3 20. axb3
d4 21. Bd2 a6 22. Rfe1 Bc6 23. Nf5 Rad8 24. Bg5 Bb5 25. Bxb5 axb5 26. f4 Bb8
27. Bxf6 Rxe1+ 28. Rxe1 gxf6 29. g3 d3 30. Kf2 Ba7+ 31. Kf3 Bc5 32. Rd1 h5
1/2-1/2

[Event "4. Torneio São José do Rio Preto"]
[Site "São José do Rio Preto BRA"]
[Date "2005.02.17"]
[Round "5.5"]
[White "Crosa, Martin"]
[Black "Bachmann Schiavo, Axel"]
[Result "1/2-1/2"]
[WhiteElo "2401"]
[BlackElo "2314"]
[PlyCount "115"]
[EventDate "2005.02.14"]
[EventType "tourn"]
[EventRounds "9"]
[EventCountry "BRA"]
[EventCategory "3"]
[Source "lmi"]
[SourceDate "2005.02.20"]

1. e4 d6 2. d4 Nf6 3. Nc3 g6 4. Be3 c6 5. Qd2 b5 6. Bd3 Nbd7 7. Nf3 e5 8. O-O
Ng4 9. Bg5 f6 10. Bh4 g5 11. Bg3 Nh6 12. a4 bxa4 13. Rxa4 Qb6 14. h3 Nf7 15.
Bc4 Qc7 16. Raa1 h5 17. h4 g4 18. Nh2 Bh6 19. Qd3 Nb6 20. Ba6 Be6 21. d5 cxd5
22. exd5 Bd7 23. Qg6 Ke7 24. Qd3 f5 25. f4 e4 26. Qe2 Bg7 27. Ra3 Rhg8 28. Re1
Bf6 29. Nf1 Nh8 30. Bf2 Ng6 31. g3 Kf7 32. Be3 Ne7 33. Rd1 Rgb8 34. Rb3 Nbc8
35. Bb5 Rb7 36. Bxd7 Qxd7 37. Bd4 Rxb3 38. cxb3 Bxd4+ 39. Rxd4 Qb7 40. b4 Qb6
41. Qc4 a5 42. Ne3 a4 43. Nc2 Qa7 44. Nb5 Qd7 45. Nc3 Nb6 46. Qe2 Qc7 47. Na3
Nec8 48. Kg2 Qd7 49. Rd2 Na7 50. Qe3 Rb8 51. Rc2 Qb7 52. Qd4 Rc8 53. Re2 Qa6
54. Rd2 Qb7 55. Ncb5 Nxb5 56. Nxb5 Qb8 57. Na3 Qb7 58. Nb5 1/2-1/2

[Event "4. Torneio São José do Rio Preto"]
[Site "São José do Rio Preto BRA"]
[Date "2005.02.17"]
[Round "6.1"]
[White "Disconzi da Silva, Rodrigo"]
[Black "Bachmann Schiavo, Axel"]
[Result "1/2-1/2"]
[WhiteElo "2386"]
[BlackElo "2314"]
[PlyCount "114"]
[EventDate "2005.02.14"]
[EventType "tourn"]
[EventRounds "9"]
[EventCountry "BRA"]
[EventCategory "3"]
[Source "lmi"]
[SourceDate "2005.02.20"]

1. d4 c5 2. d5 e5 3. e4 d6 4. f4 exf4 5. Bxf4 Nf6 6. Nc3 Be7 7. Nf3 O-O 8. Bc4
a6 9. a4 Bg4 10. O-O Nbd7 11. Qd2 Qc7 12. Rae1 Ne5 13. Nxe5 dxe5 14. Bg3 Ne8
15. h3 Bd7 16. d6 Nxd6 17. Ba2 Be6 18. Nd5 Bxd5 19. Qxd5 Bf6 20. Rxf6 gxf6 21.
Bh4 Ne8 22. Rd1 c4 23. Bxc4 Rc8 24. b3 Ng7 25. Qd2 Rfd8 26. Bd5 Kh8 27. c4 Rd6
28. Rf1 Rg8 29. Rxf6 Rxf6 30. Bxf6 Qb6+ 31. Qf2 Qxf2+ 32. Kxf2 Re8 33. Bxb7 Re6
34. Bxg7+ Kxg7 35. c5 a5 36. c6 Re7 37. Ke3 Kf8 38. g4 Ke8 39. b4 Kd8 40. bxa5
Kc7 41. a6 Kb8 42. Kd3 Re6 43. Kc4 Rh6 44. Kd5 Rxh3 45. Kxe5 Rh6 46. g5 Re6+
47. Kf5 Rg6 48. e5 Re6 49. c7+ Kxc7 50. Bd5 Rxa6 51. Bxf7 Rxa4 52. Bg8 Rh4 53.
e6 Kd6 54. Kf6 Rf4+ 55. Kg7 Rg4 56. Kf6 Rf4+ 57. Kg7 Rg4 1/2-1/2